Triângulo / (Record no. 245)
[ view plain ]
| 000 -LÍDER | |
|---|---|
| campo de controle de tamanho fixo | 01039nam a2200301 4500 |
| 001 - NÚMERO DE CONTROLE | |
| campo de controle | 245 |
| 003 - IDENTIFICADOR DO NÚMERO DE CONTROLE | |
| campo de controle | OSt |
| 005 - DATA E HORÁRIO DA ÚLTIMA TRANSAÇÃO | |
| campo de controle | 20250528074016.0 |
| 008 - CAMPO DE DADOS FIXOS--INFORMAÇÃO GERAL | |
| campo de controle de tamanho fixo | 250206b |||||||e |||| 00| 1 eng d |
| 040 ## - FONTE DA CATALOGAÇÃO | |
| Idioma da catalogação | por |
| 041 ## - CÓDIGO DE IDIOMA | |
| Código do idioma do original e/ou traduções intermediárias do texto | eng |
| Código do idioma do texto/trilha sonora ou título diferente | por |
| 082 ## - CDD - CLASSIFICAÇÃO DECIMAL DE DEWEY | |
| Número de Classificação | 823 |
| Número do exemplar | F667tr |
| 100 1# - ENTRADA PRINCIPAL--NOME PESSOAL | |
| Nome pessoal | Follett, Ken, |
| Datas associadas ao nome | 1949- |
| 9 (RLIN) | 453 |
| 240 ## - TÍTULO UNIFORME | |
| Título uniforme | Triple |
| 245 ## - TÍTULO | |
| Título | Triângulo / |
| Indicação de responsabilidade, etc. | Follett, Ken ; Tradução de A. B. Pinheiro de Lemos |
| 260 ## - PUBLICAÇÃO, DISTRIBUIÇÃO, ETC. | |
| Local de publicação, distribuição, etc. | São Paulo |
| Nome do editor, distribuidor, etc. | Círculo do Livro |
| Data da publicação, distribuição, etc. | 1979 |
| 300 ## - DESCRIÇÃO FÍSICA | |
| Extensão | 385 p. |
| 520 ## - NOTA DE RESUMO, ETC. | |
| Resumo, etc. | Um judeu, um russo e um egópcio encotram-se rapidamente em Oxford em 1947. Vinte anos depois um carregamento de urânio desaparece entre Antuérpia e Gênova. Eo homem que voltou da morte recebe uma missão que o coloca novamente num rumo fatal.<br/> |
| 650 #0 - ASSUNTO--TERMO TÓPICO | |
| Cabeçalho tópico ou nome geográfico | Literatura Inglesa |
| 9 (RLIN) | 89 |
| 650 #0 - ASSUNTO--TERMO TÓPICO | |
| Cabeçalho tópico ou nome geográfico | Crime e Investigação |
| 9 (RLIN) | 13 |
| 650 #0 - ASSUNTO--TERMO TÓPICO | |
| Cabeçalho tópico ou nome geográfico | Suspense |
| 9 (RLIN) | 10 |
| 650 #0 - ASSUNTO--TERMO TÓPICO | |
| Cabeçalho tópico ou nome geográfico | Fatos Reais |
| 9 (RLIN) | 33 |
| 650 #0 - ASSUNTO--TERMO TÓPICO | |
| Cabeçalho tópico ou nome geográfico | Politica |
| 9 (RLIN) | 138 |
| 655 #0 - TERMO DE ÍNDICE--GÊNERO E FORMA | |
| Gênero/forma/ou termo foco | Romance |
| 655 #0 - TERMO DE ÍNDICE--GÊNERO E FORMA | |
| Gênero/forma/ou termo foco | Ficção |
| 700 ## - ENTRADA ADICIONADA - NOME PESSOAL | |
| Nome pessoal | A. B. Pinheiro de Lemos |
| Função do autor por extenso | Tradutor |
| 9 (RLIN) | 109 |
| 942 ## - ELEMENTOS DE ENTRADA ADICIONADOS (KOHA) | |
| Fonte de classificação ou esquema de arquivamento | Classificação decimal de Dewey |
| Ocultar no OPAC | Não |
| Tipo de material Koha | Livros |
| Situação do descarte | Situação das perdas | Fonte de classificação ou esquema de arquivamento | Status danificado | Não pode ser emprestado | Coleção | Biblioteca de origem | Biblioteca atual | Localização na estante | Data de aquisição | Fonte de aquisição | Total de empréstimos | Número de chamada completo | Código de barras | Data de último acesso | Data do preço efetivo | Tipo de material Koha |
|---|---|---|---|---|---|---|---|---|---|---|---|---|---|---|---|---|
| Classificação decimal de Dewey | Ficção | Biblioteca Professor Eduardo Afonso de Castro | Biblioteca Professor Eduardo Afonso de Castro | Literatura Estrangeira | 24.05.2017 | doação | 823 / F667tr | 2025-15676 | 06.02.2025 | 06.02.2025 | Livros |